Physiological indexese macro- and micronutrients in plant tissue and essential oil of Mentha piperita L. grown in nutrient solution with variation in N, P, K and Mg levels (Registro n. 299362)
[ somente texto ]
| 000 -LÍDER | |
|---|---|
| fixed length control field | 03914nab a2200301 i 4500 |
| 003 - CÓDIGO MARC DA AGÊNCIA CATALOGADORA | |
| Campo de controle | BR-BrBNA |
| 005 - DATA E HORA DA ÚLTIMA ATUALIZAÇÃO | |
| Campo de controle | 20240429110732.0 |
| 008 - CAMPO DE TAMANHO FIXO | |
| fixed length control field | 240429b2014 bl.qr|pooa||| 00| 0 eng | |
| 040 ## - FONTE DA CATALOGAÇÃO | |
| Agência catalogadora | BR-BrBNA |
| Idioma da catalogação | eng |
| 072 ## - CATEGORIA AGRIS | |
| Código AGRIS | F61 |
| 072 ## - CATEGORIA AGRIS | |
| Código AGRIS | F60 |
| 100 ## - ENTRADA PRINCIPAL - NOME PESSOAL | |
| Nome pessoal | David, E.F.S. |
| 100 ## - ENTRADA PRINCIPAL - NOME PESSOAL | |
| Nome pessoal | Mischan, M.M. |
| 100 ## - ENTRADA PRINCIPAL - NOME PESSOAL | |
| Nome pessoal | Marques, M.O.M. |
| 100 ## - ENTRADA PRINCIPAL - NOME PESSOAL | |
| Nome pessoal | Boaro, C.S.F. |
| 245 ## - TÍTULO PRINCIPAL | |
| Título principal | Physiological indexese macro- and micronutrients in plant tissue and essential oil of Mentha piperita L. grown in nutrient solution with variation in N, P, K and Mg levels |
| 500 ## - NOTA GERAL | |
| Nota geral | Publicação on-line; 37 ref.; 5 tables; 3 illus.; Summaries (En, Pt) |
| 942 ## - ADDED ENTRY ELEMENTS (KOHA) | |
| Koha item type | |
| 520 ## - NOTA DE RESUMO | |
| Nota de conteúdo | <br/><br/>ABSTRACT: <br/><br/>Mentha piperita L. is an aromatic and medicinal species of the family Lamiaceae,<br/>known as mint or peppermint, and its leaves and branches produce essential oil rich in menthol.<br/>This study aimed to evaluate physiological indexes, macro- and micronutrients inthe shootsand<br/>essential oil of Mentha piperita L. grown in nutrient solution number 2 of Hoagland and Arnon<br/>(1950) with different N, P, K and Mg levels. Shoot length, dry mass of the different organs, total<br/>dry mass, leaf area, essential oil yield and composition, and macronutrient (N, P, K, Mg, Ca, S)<br/>and micronutrient (Mn, Cu, Fe, Zn) contents in the shoot were evaluated. Plants treated with<br/>65%N/50%P/25%K/100%Mg had a tendency towards longer shoot, greaterroot and leaf blade<br/>dry masses, higher essential oil yield, higher menthol levels and lower menthone levels. The<br/>results showed that Mentha can be grown in nutrient solution by reducing 65% N, 50% P, 25%<br/>K and 100% Mg. This solution had better development compared to the other tested treatments.<br/>Therefore,we recommendMentha piperita L. to be grown with such nutrient levels.<br/><br/>Keywords: Lamiaceae, menthol,hydroponics and nutrition |
| 520 ## - NOTA DE RESUMO | |
| Nota de conteúdo | <br/><br/>RESUMO: <br/><br/>Índices fisiológicos, macro e micronutrientes no tecido vegetal e óleo essencial<br/>de Mentha piperita L. cultivada em solução nutritiva com variação de N, P, K e Mg. Mentha<br/>piperita L., é uma espécie aromática e medicinal pertencente à família Lamiaceae, conhecida<br/>como menta ou hortelã-pimenta que produz em sua parte aérea óleo essencial rico em mentol.<br/>O objetivo do trabalho foi avaliar os índices fisiológicos, macro e micronutrientes na parte<br/>aérea e óleo essencial de Mentha piperita L. cultivada em solução nutritiva numero Hoagland e<br/>Arnon (1950) com variação dos níveis de N, P, K e Mg. Foram avaliados comprimento da parte<br/>aérea, massa seca dos diferentes órgãos e total, área foliar, rendimento e composição do óleo<br/>essencial, teor de macronutrientes (N, P, K, Mg, Ca e S), e de micronutrientes (Mn, Cu, Fe e<br/>Zn) na parte aérea. As plantas nutridas com 65% de N, 50% de P, 25% de K, e 100% de Mg,<br/>apresentaram tendência de maior comprimento de parte aérea e massa seca de raízes e de<br/>lâminas foliares; maior rendimento de óleo essencial e, em média, maiores teores de mentol e<br/>menores teores de mentona. O resultados permitem concluir que a Mentha pode ser cultivada<br/>em solução nutritiva reduzindo-se 65% de N, 50% de P, 25% de K e 100% de Mg. Esta solução<br/>apresentou melhor desenvolvimento em relação aos outros tratamentos. Recomenda-se,<br/>portanto, o cultivo da Mentha piperita L. com tais níveis de nutrientes.<br/><br/>Palavras-chave: Lamiaceae, mentol, hidroponia e nutrição |
| 650 ## - ASSUNTO - THESAGRO | |
| Cabeçalho tópico ou nome geográfico | MENTHA PIPERITA |
| 650 ## - ASSUNTO - THESAGRO | |
| Cabeçalho tópico ou nome geográfico | MENTA |
| 650 ## - ASSUNTO - THESAGRO | |
| Cabeçalho tópico ou nome geográfico | CULTIVO HIDROPÔNICO |
| 650 ## - ASSUNTO - THESAGRO | |
| Cabeçalho tópico ou nome geográfico | NUTRIÇÃO |
| 773 0# - ENTRADA ANALÍTICA | |
| Host Biblionumber | 3543 |
| Registro do item | 314768 |
| Imprenta | Botucatu-SP Instituto de Biociências - Departamento de Química e Bioquímica 1998 |
| Outro identificador | 2024-1020 |
| Título | Revista Brasileira de Plantas Medicinais (Brazil) |
| ISSN | 1516-0572 |
| Colação | v. 16(1) p. 97-106; (2014) |
| Número de controle de registro | BR2024000698 |
| 856 ## - ACESSO E ENDEREÇO ELETRÔNICO | |
| Identificador uniforme de recurso - URI | https://www.scielo.br/j/rbpm/a/fGZJhCnJptYrthZYKmGBY8m/?format=pdf&lang=en |
Nenhum exemplar disponível.

BINAGRI